LEADER 01019cam0-2200313---450- 001 990004076040403321 005 20121015133325.0 035 $a000407604 035 $aFED01000407604 035 $a(Aleph)000407604FED01 035 $a000407604 100 $a19990604e19711898km-y0itay50------ba 101 0 $afre 102 $aCH 105 $aaf------001yy 200 1 $aBourdaloue inconnu$eprédication, correspondace, lettre inédite au Grand Condé, éloge funebre de Henri II de Bourbon-Condé, oraison funebre du grand Condé$fHenri Chérot 210 $aGèneve$cSlatkine Reprints$d1971 215 $a164 p., 1 tav.$cill.$d23 cm 324 $aRipr. facs. dell'ed. : Paris, 1898 610 0 $aBourdalou, Louis <1632-1704> 676 $a848.409 700 1$aChérot,$bHenri$f<1855-1906>$0157002 801 0$aIT$bUNINA$gRICA$2UNIMARC 901 $aBK 912 $a990004076040403321 952 $a848.409 CHE 2$bDip.f.m.2027$fFLFBC 959 $aFLFBC 996 $aBourdaloue inconnu$9478763 997 $aUNINA LEADER 01270nam 2200325 n 450 001 996394384103316 005 20200824121823.0 035 $a(CKB)4940000000121854 035 $a(EEBO)2248515073 035 $a(UnM)99859851e 035 $a(UnM)99859851 035 $a(EXLCZ)994940000000121854 100 $a19860212d1646 uy | 101 0 $aeng 135 $aurbn||||a|bb| 200 12$aA solemne and seasonable warning to all estates and degrees of persons throughout the land$b[electronic resource] $efor holding fast the League and Covenant with England, and avoiding every thing that may prove a snare and tentation to the breach thereof: /$fby the Commissioners of the Generall Assemblie 210 $aEdinburgh $cPrinted by Evan Tyler, Printer to the Kings most Excellent Majestie$d1646 215 $a[2], 6 p 300 $aOrder to print signed: A. Ker. 300 $aReproduction of the original in the British Library. 330 $aeebo-0018 701 $aKer$b A$01001307 801 0$bCu-RivES 801 1$bCu-RivES 801 2$bCStRLIN 801 2$bWaOLN 906 $aBOOK 912 $a996394384103316 996 $aA solemne and seasonable warning to all estates and degrees of persons throughout the land$92407520 997 $aUNISA LEADER 01607nas 2200517- 450 001 9910446847603321 005 20230516213020.0 035 $a(DE-599)ZDB2167789-X 035 $a(OCoLC)54868453 035 $a(CKB)111057004867034 035 $a(CONSER)--2018207325 035 $a(EXLCZ)99111057004867034 100 $a20030305a20039999 s-- a 101 0 $aeng 135 $aur||||||||||| 181 $ctxt$2rdacontent 182 $cc$2rdamedia 183 $acr$2rdacarrier 200 00$aPolicy futures in education 210 1$a[Wallingford, Oxford] :$c[Triangle Journals Ltd.],$d2003- 210 31$a[London] :$cSAGE Publications 215 $a1 online resource 300 $aRefereed/Peer-reviewed 311 $a1478-2103 606 $aEducation and state$vPeriodicals 606 $aEducation$xPolitical aspects$vPeriodicals 606 $aEducation$vPeriodicals 606 $aEducation$xPolitical aspects$2fast$3(OCoLC)fst00902728 606 $aEducation$2fast$3(OCoLC)fst00902499 606 $aEducation and state$2fast$3(OCoLC)fst00902835 608 $aPeriodicals.$2fast 608 $aPeriodicals.$2lcgft 610 10$aEducation (General) 610 10$aOnderwijs (algemeen) 615 0$aEducation and state 615 0$aEducation$xPolitical aspects 615 0$aEducation 615 7$aEducation$xPolitical aspects. 615 7$aEducation. 615 7$aEducation and state. 676 $a379.05 712 02$aSage Publications, 906 $aJOURNAL 912 $a9910446847603321 996 $aPolicy futures in education$92153569 997 $aUNINA